Responses for show #8081 - Monday, October 28, 2019

Steve Moulds game 1.

Contestants

[<< previous game]

Steve Moulds, a playwright from Louisville, Kentucky

Diana Smith, a scheduler/planner from Memphis, Tennessee

Kris Prue, a customer service representative from Toronto, Ontario, Canada (whose 1-day cash winnings total $37,600)

[next game >>]

Jeopardy! Round responses

THE 2019 TIME 100
DELIVER THE LETTER
POP & ROCK MUSIC
"C"IENCE
HALLOWEEN TRADITIONS
JUST GIVE US THE CANDY!
    $200 11
Mueller

Steve!
    $200 21
a C

Steve!
    $200 6
the Eagles

Steve!
    $200 1
the cerebellum

Kris
    $200 15
(Kris: What are pumpkins?)

jack-o-lanterns

KrisSteve!
    $200 26
M&M's

Diana
    $400 12
Brie Larson

Steve!
    $400 22
M

Steve!
    $400 7
Stallion

Kris
    $400 2
capillaries

Kris
    $400 17
orange & black

Kris
    $400 27
Butterfinger

Diana
    $600 13
Kavanaugh

Steve!
    $600 23
E

Steve!
    $600 8
Lizzo

Diana
    $600 3
cumulus

Diana
    $600 18
Mamie Eisenhower

Diana
    $600 28
Gobstoppers

Steve!
    $800 14
Rami Malek

Diana
    $800 24
f-stop

Kris
    $800 9
Eurovision

Kris
    $800 4
cartilage

Triple Stumper
    $1,000 19
bobbing for apples

Diana
    $800 29
Milky Way

Diana
    $1000 16
Jane Goodall

Kris
    $1000 25
(Alex: [*] for "probability". Yeah.)

P

Steve!
    $1000 10
Running On Empty

Triple Stumper
    $1000 5
cobble

Triple Stumper
    $1000 20
Houdini

Steve!
    $1000 30
(Steve: What is, um, M--Al--No.)
(Alex: Oh, it's not coming.)
[Aww from disappointed audience]

Mounds & Almond Joy

KrisSteve!

Scores at the first commercial break (after clue 15):

Kris Diana Steve!
$1,600 $2,000 $1,600

Scores at the end of the Jeopardy! Round:

Kris Diana Steve!
$4,800 $5,000 $4,400

Double Jeopardy! Round responses

HISTORY ON FILM
GREEK ISLES
THE 20th CENTURY
PEN NAMES
EXERCISE
CROSSWORD CLUES "Y"
    $400 10
All the President's Men

Steve!
    $400 20
Apollo

Kris
    $400 5
Wilson

Steve!
    $400 18
Lewis Carroll

Triple Stumper
    $400 16
(Kris: What is a dumbbell?)
(Diana: What is a barbell?)

a kettlebell

KrisDiana
Triple Stumper
    $400 15
yada-yada-yada

Kris
    $800 4
the Contras

Kris
    $800 21
Hippocrates

Steve!
    $800 9
the Giants

Steve!
    $1,200 19
(Diana: Who is Ian Fleming?)

John le Carré

Diana
    $800 17
Pilates

Diana
    $800 14
a yardbird

Kris
    $1200 3
(Alex: [*] is right and Woody stars in that film, and it opens next week. Thanks, Woody, for doing the clue for us.)

Midway

Steve!
    $3,000 22
Rhodes

Steve!
    $1200 8
(Diana: What is Dada?)
(Kris: What is Dadaism?)

Surrealism

KrisDiana
Triple Stumper
    $1200 25
(E.L.) James

Steve!
    $1200 28
tai chi

Diana
    $1200 13
yeoman

Diana
    $1600 2
Braveheart

Kris
    $1600 23
Onassis

Steve!
    $1600 7
tsetse flies

Diana
    $1600 26
Jamaica

Steve!
    $1600 29
as many reps as possible

Triple Stumper
    $1600 12
a yenta

Diana
    $2000 1
Joan of Arc

Steve!
    $2000 24
(Diana: What is Nike?)
(Kris: What is Samonthrace?)
(Alex: Say it again.)
(Kris: Samonthrace.)

Samothrace

KrisDiana
Triple Stumper
    $2000 6
Juan Carlos

Kris
    $2000 27
Carolyn Keene

Diana
    $2000 30
P90X

Triple Stumper
    $2000 11
Yggdrasil

Diana

Scores at the end of the Double Jeopardy! Round:

Kris Diana Steve!
$7,200 $10,600 $17,400

[wagering suggestions for these scores]

Final Jeopardy! Round responses

19th CENTURY AMERICA
KrisWhat is the Brooklyn Bridge
$6,200
DianaWhat is the Brooklyn Bridge?
$3,400
Steve!What is the Brooklyn Bridge?
$3,801
Brooklyn Bridge

Final scores:

Kris Diana Steve!
$13,400 $14,000 $21,201
3rd place: $1,000 2nd place: $2,000 New champion: $21,201

Game dynamics:

Coryat scores:

Kris Diana Steve!
$7,200 $11,600 $15,600
14 R,
4 W
15 R
(including 1 DD),
4 W
(including 1 DD)
21 R
(including 1 DD),
1 W

Combined Coryat: $34,400

The J! Archive is created by fans, for fans. The Jeopardy! game show and all elements thereof, including but not limited to copyright and trademark thereto, are the property of Jeopardy Productions, Inc. and are protected under law. This website is not affiliated with, sponsored by, or operated by Jeopardy Productions, Inc. Join the discussion at JBoard.tv.